00503nam a2200193Ia 450000500170000000800410001704000190005804100120007708200130008910000140010224500540011626000350017030000210020550400190022665000190024565100210026470000140028585000100029920240321101748.0131103s9999 xx 000 0 und d aLoreto College aEnglish a428bSYK aSykes, H. aLanguage and literature 1cH. Sykes and C. Turner aNew DelhibWiley easternc1985 avii,240p.b pic. aIncludes index aEnglish reader aEnglish language aTurner, C aLCBED